The federal role in terrorism insurance (Record no. 113784)
[ view plain ]
| 000 -LEADER | |
|---|---|
| fixed length control field | 01517nam a2200337 a 4500 |
| 082 04 - DEWEY DECIMAL CLASSIFICATION NUMBER | |
| Classification number | 368.4/8 |
| 245 04 - TITLE STATEMENT | |
| Title | The federal role in terrorism insurance |
| 260 ## - PUBLICATION, DISTRIBUTION, ETC. (IMPRINT) | |
| Place of publication | Santa Monica, Calif. : |
| Name of publisher | RAND Corp., |
| Year of publication | 2007. |
| 300 ## - PHYSICAL DESCRIPTION | |
| Number of Pages | xxvi, 121 p. : |
| Other physical details | ill. |
| 505 0# - FORMATTED CONTENTS NOTE | |
| Formatted contents note | Analytic methods -- Consequences of allowing TRIA to expire -- Consequences of requiring insurers to offer terrorism coverage for both conventional and NBCR attacks. |
| 650 #0 - SUBJECT ADDED ENTRY--TOPICAL TERM | |
| Topical Term | Terrorism insurance |
| 700 1# - ADDED ENTRY--PERSONAL NAME | |
| Personal name | Dixon, Lloyd S. |
| 856 40 - ELECTRONIC LOCATION AND ACCESS | |
| Uniform Resource Identifier | http://site.ebrary.com/lib/rucke/Doc?id=10505587 |
No items available.
